Biggest Cities in New Zealand (Updated) - Statistics

General Stats
  • This quiz has been taken 18 times
  • The average score is 7 of 15
Answer Stats
Population Island City % Correct
1,440,300 North Auckland
100%
377,900 South Christchurch
100%
212,000 North Wellington
94%
102,400 South Dunedin
81%
179,900 North Hamilton
63%
50.800 South Nelson
50%
66,800 North Napier
44%
158,300 North Tauranga
44%
81,200 North Palmerston North
38%
57,900 North Rotorua
38%
58,500 North New Plymouth
31%
54,900 North Whangārei
25%
111,500 North Lower Hutt
19%
60,000 North Hibiscus Coast
13%
60,200 North Porirua
6%
No matching quizzes found
Score Distribution
Percent of People with Each Score
Percentile by Number Answered
Your Score History
You have not taken this quiz